[Event "Wch-U18"]
[Site "Mamaia ROM"]
[Date "2022.09.08"]
[Round "3.4"]
[White "Rodrigue-Lemieux, Shawn"]
[Black "Stremavicius, Pijus"]
[Result "1/2-1/2"]
[WhiteElo "2451"]
[BlackElo "2354"]
[PlyCount "125"]
[EventDate "2022.09.06"]
[EventType "swiss"]
[EventRounds "11"]
[EventCountry "ROM"]
[Source "ChessMix"]
[SourceDate "2022.09.20"]

1. c4 {[%emt 0:00:02]} e6 {[%emt 0:00:08]} 2. Nc3 {[%emt 0:00:25]} d5 {
[%emt 0:00:14]} 3. d4 {[%emt 0:01:02]} Nf6 {[%emt 0:00:50]} 4. Bg5 {
[%emt 0:00:33]} dxc4 {[%emt 0:00:23]} 5. e3 {[%emt 0:02:20]} c5 {[%emt 0:00:32]
} 6. dxc5 {[%emt 0:01:55]} Qxd1+ {[%emt 0:03:49]} 7. Rxd1 {[%emt 0:00:07]} Bxc5
{[%emt 0:00:38]} 8. Bxc4 {[%emt 0:06:31]} a6 {[%emt 0:01:31]} 9. Nge2 {
[%emt 0:40:21]} b5 {[%emt 0:06:46]} 10. Bd3 {[%emt 0:01:12]} Nbd7 {
[%emt 0:02:22]} 11. Be4 {[%emt 0:06:11]} Nxe4 12. Nxe4 Bb4+ 13. N2c3 f6 14. Bf4
e5 15. Bg3 Bb7 16. O-O Nb6 17. f4 f5 18. Ng5 e4 19. Ne6 Kf7 20. Ng5+ Kg6 21.
Bf2 Rhe8 22. Ne2 h6 23. Nh3 Rad8 24. Nd4 Na4 25. Bh4 Rd5 26. Rf2 Rc8 27. g4
fxg4 28. f5+ Kf7 29. Nf4 Rdc5 30. Nb3 Rxf5 31. Rd7+ Kg8 32. Rxb7 Be1 33. Ra7
Bxf2+ 34. Bxf2 Nxb2 35. Ng6 Kh7 36. Ne7 Rxf2 37. Kxf2 Rc2+ 38. Kg3 Nc4 39. Nd4
Rxa2 40. Ne6 g5 41. Nd5+ Kg6 42. Rg7+ Kf5 43. Nd4+ Ke5 44. Nc6+ Kxd5 45. Nb4+
Kc5 46. Nxa2 Nxe3 47. Kf2 Nd5 48. Ke2 a5 49. Kd2 b4 50. Ra7 Kc4 51. Nc1 b3 52.
Nxb3 Kxb3 53. Rxa5 Kc4 54. Ra4+ Kc5 55. Rxe4 Nf4 56. Ke3 Kd5 57. Ra4 Ke5 58.
Ra5+ Kf6 59. Ke4 Kg6 60. Ra6+ Kh5 61. Kf5 Ne2 62. Ke4 g3 63. hxg3 1/2-1/2

[Event "Wch-U18"]
[Site "Mamaia ROM"]
[Date "2022.09.09"]
[Round "4.8"]
[White "Antonica, Dragos-Andrei"]
[Black "Rodrigue-Lemieux, Shawn"]
[Result "1/2-1/2"]
[WhiteElo "2321"]
[BlackElo "2451"]
[PlyCount "70"]
[EventDate "2022.09.06"]
[EventType "swiss"]
[EventRounds "11"]
[EventCountry "ROM"]
[Source "ChessMix"]
[SourceDate "2022.09.20"]

1. Nf3 {[%emt 0:00:04]} Nf6 {[%emt 0:00:09]} 2. c4 {[%emt 0:00:25]} e6 {
[%emt 0:00:05]} 3. g3 {[%emt 0:00:32]} d5 {[%emt 0:00:07]} 4. b3 {
[%emt 0:00:54]} Be7 {[%emt 0:00:06]} 5. Bg2 {[%emt 0:00:29]} O-O {
[%emt 0:00:06]} 6. O-O {[%emt 0:01:19]} b6 {[%emt 0:00:06]} 7. Bb2 {
[%emt 0:00:55]} Bb7 {[%emt 0:00:05]} 8. e3 {[%emt 0:00:19]} c5 {[%emt 0:02:41]}
9. Qe2 {[%emt 0:03:05]} Nc6 {[%emt 0:01:54]} 10. Rd1 {[%emt 0:00:30]} dxc4 {
[%emt 0:06:43]} 11. bxc4 {[%emt 0:01:49]} Rc8 {[%emt 0:02:37]} 12. Nc3 {
[%emt 0:01:11]} Qc7 {[%emt 0:02:24]} 13. Rac1 {[%emt 0:04:27]} a6 {
[%emt 0:03:27]} 14. Ba1 {[%emt 0:12:47]} Rfd8 {[%emt 0:00:36]} 15. Rb1 {
[%emt 0:01:35]} Ba8 {[%emt 0:00:48]} 16. Na4 {[%emt 0:14:46]} Nd7 {
[%emt 0:11:17]} 17. d3 {[%emt 0:09:54]} Bf8 {[%emt 0:01:59]} 18. Ng5 {
[%emt 0:05:44]} h6 {[%emt 0:09:09]} 19. Ne4 {[%emt 0:01:41]} Na7 {
[%emt 0:04:48]} 20. Qh5 {[%emt 0:11:41]} b5 {[%emt 0:10:42]} 21. cxb5 {
[%emt 0:05:03]} axb5 {[%emt 0:00:22]} 22. Nac3 {[%emt 0:00:16]} f5 {
[%emt 0:03:11]} 23. Nd2 {[%emt 0:02:53]} Nf6 {[%emt 0:01:13]} 24. Qg6 {
[%emt 0:03:55]} Bxg2 {[%emt 0:04:17]} 25. Kxg2 {[%emt 0:00:24]} Qb7+ {
[%emt 0:01:39]} 26. Kg1 {[%emt 0:04:24]} Nc6 {[%emt 0:02:29]} 27. Nce4 {
[%emt 0:01:33]} Nd5 {[%emt 0:09:19]} 28. Rxb5 {[%emt 0:08:36]} Qxb5 {
[%emt 0:07:17]} 29. Qxe6+ {[%emt 0:00:03]} Kh7 {[%emt 0:00:08]} 30. Ng5+ {
[%emt 0:01:57]} hxg5 {[%emt 0:00:01]} 31. Qxf5+ {[%emt 0:00:05]} Kh8 {
[%emt 0:07:24]} 32. Qh3+ {[%emt 0:00:14]} Kg8 {[%emt 0:00:03]} 33. Qe6+ {
[%emt 0:00:04]} Kh8 {[%emt 0:00:23]} 34. Qh3+ {[%emt 0:00:11]} Kg8 {
[%emt 0:00:04]} 35. Qe6+ {[%emt 0:00:06]} Kh8 {[%emt 0:00:03]} 1/2-1/2

[Event "Wch-U18"]
[Site "Mamaia ROM"]
[Date "2022.09.10"]
[Round "5.6"]
[White "Rodrigue-Lemieux, Shawn"]
[Black "Juhasz, Agoston"]
[Result "1-0"]
[WhiteElo "2451"]
[BlackElo "2324"]
[PlyCount "59"]
[EventDate "2022.09.06"]
[EventType "swiss"]
[EventRounds "11"]
[EventCountry "ROM"]
[Source "ChessMix"]
[SourceDate "2022.09.20"]

1. e4 {[%emt 0:00:01]} c5 {[%emt 0:00:24]} 2. Nf3 {[%emt 0:00:07]} d6 {
[%emt 0:00:16]} 3. d4 {[%emt 0:00:05]} cxd4 {[%emt 0:00:07]} 4. Qxd4 {
[%emt 0:00:03]} Nc6 {[%emt 0:00:36]} 5. Qe3 {[%emt 0:00:13]} g6 {[%emt 0:00:27]
} 6. h3 {[%emt 0:00:29]} Bg7 {[%emt 0:01:01]} 7. Bc4 {[%emt 0:00:12]} Nf6 {
[%emt 0:01:07]} 8. O-O {[%emt 0:00:19]} O-O {[%emt 0:00:19]} 9. Rd1 {
[%emt 0:00:12]} b6 {[%emt 0:02:50]} 10. Nc3 {[%emt 0:11:26]} Bb7 {
[%emt 0:05:07]} 11. Qg5 {[%emt 0:03:20]} Qc7 {[%emt 0:22:17]} 12. Qh4 {
[%emt 0:07:16]} Nb4 {[%emt 0:10:33]} 13. Bb3 {[%emt 0:06:41]} Na6 {
[%emt 0:02:48]} 14. Bh6 {[%emt 0:03:54]} Nc5 {[%emt 0:13:10]} 15. Bd5 {
[%emt 0:06:34]} Rad8 {[%emt 0:12:44]} 16. Ng5 {[%emt 0:11:09]} Nh5 {
[%emt 0:03:12]} 17. Bxg7 {[%emt 0:10:48]} Kxg7 {[%emt 0:00:03]} 18. b4 {
[%emt 0:04:40]} Nd7 {[%emt 0:03:44]} 19. Nb5 {[%emt 0:02:04]} Qb8 {
[%emt 0:02:05]} 20. Bxf7 {[%emt 0:10:39]} h6 {[%emt 0:04:35]} 21. Bxg6 {
[%emt 0:02:53]} Kxg6 {[%emt 0:01:01]} 22. Ne6 {[%emt 0:00:12]} Ndf6 {
[%emt 0:01:08]} 23. Nbd4 {[%emt 0:02:22]} Bxe4 {[%emt 0:02:49]} 24. Re1 {
[%emt 0:01:15]} Qb7 {[%emt 0:03:15]} 25. Re3 {[%emt 0:00:05]} Kh7 {
[%emt 0:02:49]} 26. Rae1 {[%emt 0:04:51]} Rg8 {[%emt 0:01:19]} 27. Nxd8 {
[%emt 0:02:01]} Rxd8 {[%emt 0:02:11]} 28. Rxe4 {[%emt 0:00:13]} Nxe4 {
[%emt 0:00:14]} 29. Rxe4 {[%emt 0:03:57]} Nf6 {[%emt 0:01:13]} 30. Nf5 {
[%emt 0:00:12]} 1-0

[Event "Wch-U18"]
[Site "Mamaia ROM"]
[Date "2022.09.11"]
[Round "6.4"]
[White "Chinguun, Sumiya"]
[Black "Rodrigue-Lemieux, Shawn"]
[Result "1/2-1/2"]
[WhiteElo "2269"]
[BlackElo "2451"]
[PlyCount "97"]
[EventDate "2022.09.06"]
[EventType "swiss"]
[EventRounds "11"]
[EventCountry "ROM"]
[Source "ChessMix"]
[SourceDate "2022.09.20"]

1. e4 {[%emt 0:00:09]} c6 {[%emt 0:00:04]} 2. d4 {[%emt 0:00:17]} d5 {
[%emt 0:00:06]} 3. exd5 {[%emt 0:00:08]} cxd5 {[%emt 0:00:05]} 4. Bd3 {
[%emt 0:00:07]} Nc6 {[%emt 0:00:08]} 5. c3 {[%emt 0:00:06]} Nf6 {[%emt 0:01:45]
} 6. Bf4 {[%emt 0:00:12]} Bg4 {[%emt 0:00:07]} 7. Qb3 {[%emt 0:00:07]} Qd7 {
[%emt 0:00:27]} 8. Nd2 {[%emt 0:00:17]} e6 {[%emt 0:00:09]} 9. Ngf3 {
[%emt 0:00:14]} Bd6 {[%emt 0:00:06]} 10. Bxd6 {[%emt 0:00:06]} Qxd6 {
[%emt 0:00:03]} 11. O-O {[%emt 0:00:10]} O-O {[%emt 0:00:09]} 12. Rfe1 {
[%emt 0:00:31]} Rab8 {[%emt 0:01:17]} 13. Ne5 {[%emt 0:00:20]} b5 {
[%emt 0:00:21]} 14. a3 {[%emt 0:03:57]} Bh5 {[%emt 0:18:52]} 15. Re3 {
[%emt 0:12:30]} Na5 {[%emt 0:06:03]} 16. Qc2 {[%emt 0:23:52]} Nc4 {
[%emt 0:00:33]} 17. Rh3 {[%emt 0:04:18]} Nxe5 {[%emt 0:00:57]} 18. dxe5 {
[%emt 0:00:09]} Qxe5 {[%emt 0:00:06]} 19. Nf3 {[%emt 0:00:13]} Qd6 {
[%emt 0:10:23]} 20. Bxh7+ {[%emt 0:01:02]} Nxh7 {[%emt 0:00:10]} 21. Rxh5 {
[%emt 0:00:14]} Nf6 {[%emt 0:00:32]} 22. Rh3 {[%emt 0:06:50]} Ne4 {
[%emt 0:01:18]} 23. Nd4 {[%emt 0:00:56]} e5 {[%emt 0:06:42]} 24. Nf5 {
[%emt 0:10:27]} Qe6 {[%emt 0:01:02]} 25. Ne3 {[%emt 0:00:24]} f5 {
[%emt 0:07:19]} 26. Rd1 {[%emt 0:02:05]} Rbd8 {[%emt 0:10:04]} 27. Re1 {
[%emt 0:09:07]} f4 {[%emt 0:03:22]} 28. Nf1 {[%emt 0:00:51]} f3 {[%emt 0:05:27]
} 29. Rxf3 {[%emt 0:07:34]} Rxf3 {[%emt 0:00:08]} 30. gxf3 {[%emt 0:00:06]} Ng5
{[%emt 0:00:08]} 31. Qe2 {[%emt 0:04:13]} Qh3 {[%emt 0:06:19]} 32. Nd2 {
[%emt 0:01:57]} Rd6 {[%emt 0:00:27]} 33. Qxe5 {[%emt 0:01:47]} Rg6 {
[%emt 0:00:49]} 34. Kh1 {[%emt 0:02:03]} Ne4 {[%emt 0:02:17]} 35. Qe8+ {
[%emt 0:00:23]} Kh7 {[%emt 0:00:01]} 36. Qxg6+ {[%emt 0:00:07]} Kxg6 {
[%emt 0:00:03]} 37. fxe4 {[%emt 0:00:05]} Qd3 {[%emt 0:00:17]} 38. Nf1 {
[%emt 0:08:12]} Qc2 {[%emt 0:00:06]} 39. Kg2 {[%emt 0:03:08]} dxe4 {
[%emt 0:00:20]} 40. b4 {[%emt 0:00:07]} Qxc3 {[%emt 0:00:25]} 41. Re3 {
[%emt 0:00:05]} Qc6 {[%emt 0:01:18]} 42. Ng3 {[%emt 0:00:07]} Kg5 {
[%emt 0:01:16]} 43. Kg1 {[%emt 0:00:49]} Kf4 {[%emt 0:01:23]} 44. Kg2 {
[%emt 0:00:16]} Ke5 {[%emt 0:00:51]} 45. Kg1 {[%emt 0:00:29]} Kd4 {
[%emt 0:00:49]} 46. Kg2 {[%emt 0:00:10]} Kc4 {[%emt 0:00:47]} 47. Kg1 {
[%emt 0:00:17]} Qd5 {[%emt 0:01:08]} 48. Nxe4 {[%emt 0:00:36]} Qd1+ {
[%emt 0:03:01]} 49. Kg2 {[%emt 0:00:04]} 1/2-1/2

[Event "Wch-U18"]
[Site "Mamaia ROM"]
[Date "2022.09.12"]
[Round "7.6"]
[White "Rodrigue-Lemieux, Shawn"]
[Black "Makridis, Dimitrios"]
[Result "1-0"]
[WhiteElo "2451"]
[BlackElo "2382"]
[PlyCount "111"]
[EventDate "2022.09.06"]
[EventType "swiss"]
[EventRounds "11"]
[EventCountry "ROM"]
[Source "ChessMix"]
[SourceDate "2022.09.20"]

1. a3 {[%emt 0:00:02]} e5 {[%emt 0:01:55]} 2. c3 {[%emt 0:00:08]} d5 {
[%emt 0:00:26]} 3. d4 {[%emt 0:00:04]} exd4 {[%emt 0:00:36]} 4. cxd4 {
[%emt 0:00:05]} Bd6 {[%emt 0:00:03]} 5. Nc3 {[%emt 0:00:16]} c6 {[%emt 0:00:01]
} 6. Nf3 {[%emt 0:00:29]} h6 {[%emt 0:00:07]} 7. g3 {[%emt 0:01:39]} Nf6 {
[%emt 0:00:51]} 8. Bf4 {[%emt 0:00:15]} Ne4 {[%emt 0:01:54]} 9. Rc1 {
[%emt 0:10:46]} O-O {[%emt 0:10:13]} 10. Bg2 {[%emt 0:02:10]} Bxf4 {
[%emt 0:00:30]} 11. gxf4 {[%emt 0:00:05]} Nd6 {[%emt 0:00:08]} 12. e3 {
[%emt 0:03:11]} Re8 {[%emt 0:04:55]} 13. O-O {[%emt 0:12:59]} Bg4 {
[%emt 0:06:21]} 14. Ne2 {[%emt 0:04:55]} Bxf3 {[%emt 0:12:06]} 15. Bxf3 {
[%emt 0:03:52]} Nd7 {[%emt 0:00:05]} 16. Kh1 {[%emt 0:07:27]} Nf6 {
[%emt 0:07:53]} 17. Ng3 {[%emt 0:04:40]} a5 {[%emt 0:01:59]} 18. Rg1 {
[%emt 0:03:17]} Qd7 {[%emt 0:10:04]} 19. Qf1 {[%emt 0:04:51]} Kf8 {
[%emt 0:01:11]} 20. Qg2 {[%emt 0:06:21]} g6 {[%emt 0:02:06]} 21. Be2 {
[%emt 0:00:50]} Nf5 {[%emt 0:07:20]} 22. Nxf5 {[%emt 0:01:07]} Qxf5 {
[%emt 0:00:08]} 23. Rcd1 {[%emt 0:00:48]} Qe4 {[%emt 0:03:47]} 24. Bd3 {
[%emt 0:02:39]} Qxg2+ {[%emt 0:00:08]} 25. Kxg2 {[%emt 0:01:26]} Ne4 {
[%emt 0:04:08]} 26. h4 {[%emt 0:02:15]} a4 {[%emt 0:02:54]} 27. f3 {
[%emt 0:04:29]} Nd6 {[%emt 0:00:07]} 28. Kf2 {[%emt 0:00:19]} b5 {
[%emt 0:02:59]} 29. Rde1 {[%emt 0:01:44]} Rab8 {[%emt 0:03:18]} 30. Re2 {
[%emt 0:01:12]} b4 {[%emt 0:03:03]} 31. Rc1 {[%emt 0:03:54]} bxa3 {
[%emt 0:01:26]} 32. bxa3 {[%emt 0:00:01]} Rb3 {[%emt 0:01:17]} 33. Rxc6 {
[%emt 0:00:15]} Re6 {[%emt 0:00:23]} 34. Bc2 {[%emt 0:01:29]} Rxa3 {
[%emt 0:00:56]} 35. Rc5 {[%emt 0:00:07]} Nc4 {[%emt 0:03:18]} 36. e4 {
[%emt 0:00:08]} Rf6 {[%emt 0:01:19]} 37. f5 {[%emt 0:02:30]} gxf5 {
[%emt 0:00:01]} 38. e5 {[%emt 0:07:34]} Ra6 {[%emt 0:00:56]} 39. Rxd5 {
[%emt 0:00:02]} Rc3 {[%emt 0:01:00]} 40. Rc5 {[%emt 0:00:34]} a3 {
[%emt 0:00:33]} 41. Bb1 {[%emt 0:00:09]} Rc1 {[%emt 0:00:33]} 42. Ba2 {
[%emt 0:01:03]} Nb2 {[%emt 0:00:20]} 43. Ke3 {[%emt 0:02:46]} f4+ {
[%emt 0:02:39]} 44. Ke4 {[%emt 0:00:47]} Rxc5 {[%emt 0:01:31]} 45. dxc5 {
[%emt 0:00:02]} Ra4+ {[%emt 0:00:50]} 46. Kf5 {[%emt 0:03:22]} Ke7 {
[%emt 0:02:36]} 47. c6 {[%emt 0:00:44]} Ra7 {[%emt 0:01:54]} 48. Rc2 {
[%emt 0:00:56]} Kd8 {[%emt 0:00:56]} 49. Kf6 {[%emt 0:00:55]} Kc7 {
[%emt 0:00:43]} 50. Kxf7 {[%emt 0:01:21]} Kb6+ {[%emt 0:00:31]} 51. c7 {
[%emt 0:01:36]} Nd3 {[%emt 0:00:23]} 52. Kf6 {[%emt 0:01:03]} Rxc7 {
[%emt 0:00:17]} 53. Rxc7 {[%emt 0:00:08]} Kxc7 {[%emt 0:00:01]} 54. e6 {
[%emt 0:00:05]} Nb4 {[%emt 0:01:22]} 55. e7 {[%emt 0:00:08]} Kd7 {
[%emt 0:00:26]} 56. Be6+ {[%emt 0:00:11]} 1-0

[Event "Wch-U18"]
[Site "Mamaia ROM"]
[Date "2022.09.13"]
[Round "8.2"]
[White "Krastev, Alexander"]
[Black "Rodrigue-Lemieux, Shawn"]
[Result "0-1"]
[WhiteElo "2431"]
[BlackElo "2451"]
[PlyCount "96"]
[EventDate "2022.09.06"]
[EventType "swiss"]
[EventRounds "11"]
[EventCountry "ROM"]
[Source "ChessMix"]
[SourceDate "2022.09.20"]

1. e4 {[%emt 0:00:02]} c6 {[%emt 0:00:05]} 2. d4 {[%emt 0:00:09]} d5 {
[%emt 0:00:04]} 3. e5 {[%emt 0:00:10]} Bf5 {[%emt 0:00:06]} 4. Nd2 {
[%emt 0:00:12]} e6 {[%emt 0:00:08]} 5. Nb3 {[%emt 0:00:05]} a6 {[%emt 0:00:24]}
6. Nf3 {[%emt 0:00:30]} c5 {[%emt 0:01:14]} 7. c3 {[%emt 0:04:14]} Nd7 {
[%emt 0:04:37]} 8. Be2 {[%emt 0:00:17]} cxd4 {[%emt 0:08:27]} 9. Nfxd4 {
[%emt 0:16:05]} Ne7 {[%emt 0:07:49]} 10. f4 {[%emt 0:02:56]} Be4 {
[%emt 0:04:57]} 11. O-O {[%emt 0:01:03]} Nf5 {[%emt 0:00:31]} 12. Nxf5 {
[%emt 0:05:23]} exf5 {[%emt 0:13:18]} 13. Be3 {[%emt 0:00:30]} Be7 {
[%emt 0:02:09]} 14. Bf3 {[%emt 0:18:40]} O-O {[%emt 0:14:57]} 15. Qe2 {
[%emt 0:09:19]} Qc8 {[%emt 0:06:27]} 16. Rad1 {[%emt 0:07:17]} Rd8 {
[%emt 0:06:17]} 17. Rd2 {[%emt 0:15:27]} Nf8 {[%emt 0:00:47]} 18. Rfd1 {
[%emt 0:00:46]} Ne6 {[%emt 0:02:16]} 19. Qf2 {[%emt 0:00:41]} Qc4 {
[%emt 0:03:02]} 20. Bb6 {[%emt 0:02:28]} Re8 {[%emt 0:01:44]} 21. Na5 {
[%emt 0:01:32]} Qc8 {[%emt 0:03:56]} 22. Bxe4 {[%emt 0:06:21]} dxe4 {
[%emt 0:00:08]} 23. Rd5 {[%emt 0:00:06]} Bf8 {[%emt 0:08:12]} 24. a3 {
[%emt 0:01:10]} Nc7 {[%emt 0:02:16]} 25. Rd7 {[%emt 0:01:43]} Re7 {
[%emt 0:00:28]} 26. R7d2 {[%emt 0:00:59]} Ne6 {[%emt 0:02:47]} 27. c4 {
[%emt 0:02:20]} Qe8 {[%emt 0:01:36]} 28. b4 {[%emt 0:01:11]} f6 {[%emt 0:02:20]
} 29. exf6 {[%emt 0:01:58]} gxf6 {[%emt 0:00:01]} 30. g3 {[%emt 0:01:04]} Qh5 {
[%emt 0:00:27]} 31. Be3 {[%emt 0:00:43]} Qg4 {[%emt 0:01:49]} 32. c5 {
[%emt 0:00:26]} h5 {[%emt 0:00:05]} 33. Qe2 {[%emt 0:00:22]} Qg6 {
[%emt 0:00:16]} 34. Rd7 {[%emt 0:00:22]} h4 {[%emt 0:00:38]} 35. Kg2 {
[%emt 0:00:11]} Rxd7 36. Rxd7 Rd8 {[%emt 0:00:08]} 37. Rxd8 {[%emt 0:00:41]}
Nxd8 38. Qd1 {[%emt 0:00:23]} Be7 {[%emt 0:00:45]} 39. a4 {[%emt 0:00:46]} Kf8
{[%emt 0:00:37]} 40. b5 {[%emt 0:00:28]} axb5 {[%emt 0:00:01]} 41. axb5 {
[%emt 0:00:06]} Qg8 {[%emt 0:00:25]} 42. Qd2 {[%emt 0:01:45]} Qg4 {
[%emt 0:00:27]} 43. c6 {[%emt 0:00:28]} Qf3+ {[%emt 0:00:24]} 44. Kg1 {
[%emt 0:00:18]} bxc6 {[%emt 0:00:28]} 45. bxc6 {[%emt 0:00:01]} Ne6 {
[%emt 0:00:30]} 46. gxh4 {[%emt 0:00:39]} Nxf4 {[%emt 0:00:05]} 47. h3 {
[%emt 0:00:46]} Ne2+ {[%emt 0:00:10]} 48. Kh2 {[%emt 0:00:07]} Qg3+ {
[%emt 0:00:11]} 0-1

[Event "Wch-U18"]
[Site "Mamaia ROM"]
[Date "2022.09.14"]
[Round "9.1"]
[White "Rodrigue-Lemieux, Shawn"]
[Black "Nogerbek, Kazybek"]
[Result "1-0"]
[WhiteElo "2451"]
[BlackElo "2457"]
[PlyCount "103"]
[EventDate "2022.09.06"]
[EventType "swiss"]
[EventRounds "11"]
[EventCountry "ROM"]
[Source "ChessMix"]
[SourceDate "2022.09.20"]

1. e4 c5 {[%emt 0:00:25]} 2. Nf3 {[%emt 0:00:08]} Nc6 {[%emt 0:00:17]} 3. Bb5 {
[%emt 0:00:07]} e6 {[%emt 0:00:28]} 4. Bxc6 {[%emt 0:00:09]} bxc6 {
[%emt 0:00:11]} 5. b3 {[%emt 0:00:06]} d6 {[%emt 0:00:27]} 6. e5 {
[%emt 0:14:51]} dxe5 {[%emt 0:02:00]} 7. Nxe5 {[%emt 0:01:55]} Qd5 {
[%emt 0:00:20]} 8. Nf3 {[%emt 0:01:07]} Qe4+ {[%emt 0:00:37]} 9. Kf1 {
[%emt 0:01:11]} Qf5 {[%emt 0:03:21]} 10. Nc3 {[%emt 0:03:28]} Ne7 {
[%emt 0:04:49]} 11. d3 {[%emt 0:03:41]} Ng6 {[%emt 0:04:25]} 12. Ne4 {
[%emt 0:04:52]} Be7 {[%emt 0:02:57]} 13. Bg5 {[%emt 0:02:22]} f6 {
[%emt 0:02:29]} 14. Be3 {[%emt 0:05:06]} O-O {[%emt 0:03:04]} 15. Qd2 {
[%emt 0:07:52]} Rd8 {[%emt 0:05:00]} 16. Qc3 {[%emt 0:03:23]} Qd5 {
[%emt 0:02:51]} 17. Nxc5 {[%emt 0:06:12]} f5 {[%emt 0:05:27]} 18. Bg5 {
[%emt 0:02:18]} Bxg5 {[%emt 0:11:23]} 19. Nxg5 {[%emt 0:00:02]} e5 {
[%emt 0:00:42]} 20. Qc4 {[%emt 0:14:39]} Rb8 {[%emt 0:04:10]} 21. h4 {
[%emt 0:09:37]} h6 {[%emt 0:04:29]} 22. Nf3 e4 {[%emt 0:02:01]} 23. dxe4 {
[%emt 0:00:01]} Qxc4+ 24. bxc4 fxe4 {[%emt 0:00:11]} 25. Nxe4 {[%emt 0:00:07]}
Rb2 {[%emt 0:01:10]} 26. h5 {[%emt 0:00:53]} Ne7 {[%emt 0:01:08]} 27. Rh4 {
[%emt 0:02:16]} Rxc2 {[%emt 0:01:13]} 28. Nc5 {[%emt 0:00:51]} Kh7 {
[%emt 0:02:27]} 29. Rf4 {[%emt 0:02:26]} Ng8 {[%emt 0:03:30]} 30. Ne5 {
[%emt 0:03:47]} Nf6 {[%emt 0:01:45]} 31. g4 {[%emt 0:01:40]} Re8 {
[%emt 0:01:25]} 32. Ncd3 {[%emt 0:04:18]} Rd2 {[%emt 0:01:56]} 33. f3 {
[%emt 0:00:22]} Ba6 {[%emt 0:04:09]} 34. Re1 {[%emt 0:00:34]} Rxa2 {
[%emt 0:04:56]} 35. Nb4 {[%emt 0:00:17]} Ra4 {[%emt 0:03:19]} 36. Nbxc6 {
[%emt 0:00:33]} Bb7 {[%emt 0:00:55]} 37. Nd4 Ra5 {[%emt 0:02:03]} 38. Ng6 {
[%emt 0:00:37]} Rxe1+ {[%emt 0:01:06]} 39. Kxe1 {[%emt 0:00:01]} Rc5 {
[%emt 0:00:19]} 40. Ne6 {[%emt 0:00:25]} Rc8 {[%emt 0:00:44]} 41. Rd4 {
[%emt 0:03:10]} Re8 {[%emt 0:02:31]} 42. Kf2 {[%emt 0:00:19]} a5 {
[%emt 0:00:13]} 43. Nc5 {[%emt 0:00:52]} Ba8 {[%emt 0:01:10]} 44. Rd6 {
[%emt 0:00:08]} Rc8 {[%emt 0:01:35]} 45. Ne6 {[%emt 0:00:09]} Rb8 {
[%emt 0:00:46]} 46. Ra6 {[%emt 0:00:18]} Rb2+ {[%emt 0:01:14]} 47. Kg3 {
[%emt 0:00:17]} Bb7 {[%emt 0:00:01]} 48. Rd6 {[%emt 0:01:11]} Kg8 {
[%emt 0:02:41]} 49. Rd8+ {[%emt 0:01:02]} Kf7 {[%emt 0:00:03]} 50. Nc5 {
[%emt 0:00:23]} Nh7 {[%emt 0:00:09]} 51. Rd7+ {[%emt 0:00:28]} Kf6 {
[%emt 0:00:07]} 52. Nxb7 {[%emt 0:00:29]} 1-0

[Event "Wch-U18"]
[Site "Mamaia ROM"]
[Date "2022.09.15"]
[Round "10.1"]
[White "Gines Esteo, Pedro Antonio"]
[Black "Rodrigue-Lemieux, Shawn"]
[Result "0-1"]
[WhiteElo "2505"]
[BlackElo "2451"]
[PlyCount "98"]
[EventDate "2022.09.06"]
[EventType "swiss"]
[EventRounds "11"]
[EventCountry "ROM"]
[Source "ChessMix"]
[SourceDate "2022.09.20"]

1. Nf3 {[%emt 0:00:05]} Nf6 {[%emt 0:00:08]} 2. c4 {[%emt 0:01:20]} e6 {
[%emt 0:00:05]} 3. b3 {[%emt 0:00:26]} d5 {[%emt 0:00:10]} 4. Bb2 {
[%emt 0:00:59]} Be7 {[%emt 0:00:07]} 5. e3 {[%emt 0:00:29]} O-O {[%emt 0:00:06]
} 6. Nc3 {[%emt 0:00:44]} c5 {[%emt 0:00:04]} 7. cxd5 {[%emt 0:00:48]} Nxd5 {
[%emt 0:00:06]} 8. Qc2 {[%emt 0:01:01]} Nc6 {[%emt 0:00:30]} 9. h4 {
[%emt 0:06:20]} f5 {[%emt 0:10:10]} 10. a3 {[%emt 0:05:12]} Bd7 {[%emt 0:04:26]
} 11. h5 {[%emt 0:13:48]} h6 {[%emt 0:00:31]} 12. Bc4 {[%emt 0:21:13]} Nb6 {
[%emt 0:00:41]} 13. Bb5 {[%emt 0:00:45]} Bf6 {[%emt 0:08:24]} 14. Ne2 {
[%emt 0:03:48]} Rc8 {[%emt 0:24:00]} 15. Bxf6 {[%emt 0:09:20]} Qxf6 {
[%emt 0:00:26]} 16. Qc3 {[%emt 0:00:13]} Nd4 {[%emt 0:11:56]} 17. Bxd7 {
[%emt 0:02:03]} Nxf3+ {[%emt 0:01:21]} 18. gxf3 {[%emt 0:00:11]} Nxd7 {
[%emt 0:00:03]} 19. Qxf6 {[%emt 0:05:58]} Nxf6 {[%emt 0:00:06]} 20. Nf4 {
[%emt 0:03:23]} e5 {[%emt 0:03:46]} 21. Ng6 {[%emt 0:04:51]} Rfe8 {
[%emt 0:00:01]} 22. Ke2 {[%emt 0:07:24]} Nd5 {[%emt 0:13:15]} 23. Nh4 {
[%emt 0:01:04]} Ne7 {[%emt 0:02:01]} 24. Rhg1 {[%emt 0:00:09]} c4 {
[%emt 0:01:47]} 25. bxc4 {[%emt 0:05:15]} Rxc4 {[%emt 0:00:02]} 26. Rh1 {
[%emt 0:00:35]} Kf7 {[%emt 0:02:36]} 27. Rab1 {[%emt 0:00:44]} b6 {
[%emt 0:00:18]} 28. Rb5 {[%emt 0:00:34]} Kf6 {[%emt 0:00:29]} 29. Ng2 {
[%emt 0:01:07]} Rd8 {[%emt 0:02:37]} 30. f4 {[%emt 0:01:24]} e4 {[%emt 0:00:11]
} 31. Ne1 {[%emt 0:00:36]} Rc1 {[%emt 0:00:52]} 32. Rh2 {[%emt 0:03:42]} Rdc8 {
[%emt 0:04:02]} 33. Rb2 {[%emt 0:00:21]} Nd5 {[%emt 0:03:38]} 34. f3 {
[%emt 0:01:09]} R8c4 {[%emt 0:01:48]} 35. Rg2 {[%emt 0:00:29]} Kf7 {
[%emt 0:00:43]} 36. Rb5 {[%emt 0:00:28]} Rc5 {[%emt 0:00:50]} 37. Rxc5 {
[%emt 0:00:32]} bxc5 {[%emt 0:00:28]} 38. Rh2 {[%emt 0:00:28]} c4 {
[%emt 0:00:34]} 39. fxe4 {[%emt 0:00:31]} fxe4 {[%emt 0:00:10]} 40. Rh4 {
[%emt 0:00:27]} c3 {[%emt 0:00:24]} 41. dxc3 {[%emt 0:00:28]} Rxc3 {
[%emt 0:00:10]} 42. Ng2 {[%emt 0:00:37]} Rxa3 {[%emt 0:01:08]} 43. f5 {
[%emt 0:00:08]} Ra2+ {[%emt 0:01:12]} 44. Kf1 {[%emt 0:00:01]} Nf6 {
[%emt 0:00:30]} 45. Nf4 a5 {[%emt 0:00:14]} 46. Ne6 {[%emt 0:00:26]} a4 {
[%emt 0:00:14]} 47. Nc5 {[%emt 0:01:26]} a3 {[%emt 0:00:08]} 48. Nxe4 {
[%emt 0:00:04]} Nxe4 {[%emt 0:00:16]} 49. Rxe4 {[%emt 0:00:01]} Rb2 {
[%emt 0:00:09]} 0-1